Geographically Weighted Regression <The> Analysis of Spatially Varying Relationships

Salvato in:
Dettagli Bibliografici
Autore principale: Fotheringham, Stewart A.
Altri autori: Brunsdon, Chris, Charlton, Martin
Natura: Libro
Lingua:inglese
Pubblicazione: Chichester John Wiley & Sons 2002
Soggetti:
Tags: Aggiungi Tag
Nessun Tag, puoi essere il primo ad aggiungerne!!

MARC

LEADER 00000nam a2200000 4500
001 0241888
005 20240312115700.0
020 |a 978-0-471-49616-8 
041 0 |a eng 
044 |a GB 
245 1 0 |a Geographically Weighted Regression  |b <The> Analysis of Spatially Varying Relationships  |c Stewart A. Fotheringham, Chris Brunsdon, Martin Charlton 
264 1 |a Chichester  |b John Wiley & Sons  |c 2002 
300 |a 269 s. 
610 2 0 |a štatistika 
610 2 0 |a dáta 
610 2 0 |a priestor 
610 2 0 |a metódy štatistické 
610 2 0 |a modely štatistické 
610 2 0 |a analýza štatistická 
610 2 0 |a modely regresné 
610 2 0 |a geografia 
610 2 0 |a regresia 
610 2 0 |a korelácia 
100 1 |a Fotheringham, Stewart A. 
700 1 |a Brunsdon, Chris 
700 1 |a Charlton, Martin